Statistics for Top 25 New Brunswick Municipalities By Population (2021)

Click here to take the quiz!

General Stats

  • This quiz has been taken 18 times
  • The average score is 13 of 25

Answer Stats

StatusPopulationAnswer% Correct
City79,470Moncton
100%
City69,895Saint John
100%
City63,116Fredericton
94%
City12,157Bathurst
82%
City28,114Dieppe
82%
City16,437Edmundston
82%
City17,692Miramichi
82%
City7,047Campbellton
71%
Town9,045Oromocto
65%
Town18,768Quispamsis
59%
Town5,553Woodstock
59%
Town20,584Riverview
53%
Town11,977Rothesay
53%
Town7,535Shediac
53%
Town4,440Sussex
47%
Regional municipality16,043Tracadie
47%
Town5,220Grand Falls
41%
Town6,099Sackville
41%
Town4,510St. Stephen
41%
Rural community4,743Hanwell
18%
Town4,967Grand Bay-Westfield
12%
Town4,395Hampton
12%
Village5,029Memramcook
12%
Rural community6,718Beaubassin East
6%
Town4,294Beresford
6%

Score Distribution

Percentile by Number Answered

Percent of People with Each Score

Your Score History

You have not taken this quiz